000 00488nam a2200169Ia 4500
999 _c29802
_d29802
003 OSt
005 20201230095511.0
008 190216s9999||||xx |||||||||||||| ||und||
040 _coclc
082 _a894.812301
_bKUM/A
100 _aKumar, V S Anil
_97952
245 0 _aAroopikalude Yamam /
_cV S Anil Kumar
260 _bSamayam Publications,
_c2009.
_aKannur:
300 _a150p
650 _aKathakal
942 _cBK
_2ddc
_h894.812301
_iKUM/A
_k894.812301
_mKUM/A